| 000 | 01906nam a2200469Ii 4500 | ||
|---|---|---|---|
| 001 | DIGPOLIF0070 | ||
| 003 | NyNyDIG | ||
| 006 | m o d | ||
| 007 | cr ||||||||||| | ||
| 008 | 131001s2010 sp a ob 000 0bspa d | ||
| 020 | _z9788496813342 | ||
| 020 | _z8496813347 | ||
| 035 | _a(OCoLC)888274010 | ||
| 040 |
_aDGITA _beng _epn _cDGITA |
||
| 041 | 0 |
_aspa _hfre |
|
| 043 | _ae-fr--- | ||
| 050 | 1 | 4 | _aDC151 eBook |
| 100 | 1 |
_aSoult, Nicolas-Jean de Dieu, _d1769-1851. |
|
| 240 | 1 | 0 |
_aMemoires du marechal Soult: Espagne et Portugal. _lSpanish |
| 245 | 1 | 3 |
_aMemorias : _bEspaña y Portugal / _cNicolas Jean de Dieu Soult ; introducción, traducción, notas y apéndices de Fernando Valdés Fernández. |
| 264 | 1 |
_aMadrid : _bEdiciones Polifemo, _c2010. |
|
| 300 |
_a1 online resource (liii, 441 pages): _bill. |
||
| 336 |
_atext _btxt _2rdacontent |
||
| 337 |
_acomputer _bc _2rdamedia |
||
| 338 |
_aonline resource _bcr _2rdacarrier |
||
| 490 | 1 | _aColección Crónicas y memorias | |
| 500 | _aTranslation of: Memoires du marechal Soult: Espagne et Portugal. Texte etabli et presente par Louis et Antoinette de Saint-Pierre. Paris: Hachette, 1955. | ||
| 504 | _aIncludes bibliographical references (p. xlix--liii). | ||
| 600 | 1 | 0 |
_aSoult, Nicolas-Jean de Dieu, _d1769-1851. |
| 650 | 0 | _aNapoleonic Wars, 1800-1815 | |
| 650 | 0 |
_aPeninsular War, _y1807-1814 _vPersonal narratives. |
|
| 651 | 0 |
_aFrance _xHistory, Military _y19th century. |
|
| 651 | 0 |
_aFrance _xHistory _yConsulate and First Empire, 1799-1815. |
|
| 655 | 0 | _aElectronic books. | |
| 700 | 1 | _aValdés Fernández, Fernando, | |
| 791 | 2 |
_aDigitalia (Firm), _edistributor. |
|
| 830 | 0 | _aCrónicas y memorias. | |
| 793 | 0 |
_gDigitalia eBook Collection: _aEdiciones Polifemo. |
|
| 856 | 4 | 0 |
_3Digitalia Hispánica _uhttps://www.digitaliapublishing.com/a/18929/ |
| 910 | _aPremium Collection: 2007-2012 | ||
| 942 | _cRAA | ||
| 999 |
_c236158 _d236158 |
||